Digital Communications: (Record no. 162863)
[ view plain ]
| 000 -LEADER | |
|---|---|
| fixed length control field | 00844nam a22001937a 4500 |
| 005 - DATE AND TIME OF LATEST TRANSACTION | |
| control field | 20190323105841.0 |
| 010 ## - LCCN (DPL NO) | |
| LC control number | B-087199 |
| 020 ## - INTERNATIONAL STANDARD BOOK NUMBER | |
| International Standard Book Number | 8178083736 |
| Terms of availability | 425.00 |
| 035 ## - SYSTEM CONTROL NUMBER | |
| System control number | DPL |
| 100 ## - MAIN ENTRY--PERSONAL NAME | |
| Personal name | Sklar,Bernard |
| 245 ## - TITLE STATEMENT | |
| Title | Digital Communications: |
| Remainder of title | Fundamentals and Applications |
| Statement of responsibility, etc | Bernard Sklar |
| 250 ## - EDITION STATEMENT | |
| Edition statement | First Indian Reprint,2001 |
| Remainder of edition statement | Fifth Indian Reprint,2004 |
| 260 ## - PUBLICATION, DISTRIBUTION, ETC. (IMPRINT) | |
| Place of publication, distribution, etc | Indian Branch, New Delhi |
| Name of publisher, distributor, etc | Pearson Education Pte. Ltd. |
| Date of publication, distribution, etc | 2004 |
| 270 ## - ADDRESS | |
| Address | 482 F.I.E., patparganj |
| City | New Delhi |
| Postal code | 110092 |
| 300 ## - PHYSICAL DESCRIPTION | |
| Extent | xxiv, 1079p. |
| Other physical details | ill |
| Dimensions | 24cm.(pbk) |
| 500 ## - GENERAL NOTE | |
| General note | All products or Services mentioned in this book are the trademarks or service marks of their respective Companies or organizations. Screen shots reprinted by permission from Microsoft Corporation. |
| 942 ## - ADDED ENTRY ELEMENTS (KOHA) | |
| Source of classification or shelving scheme | Dewey Decimal Classification |
| Item type | English Books |
| Edition | 2nd |
| Classification part | 621.381 |
| Call number suffix | SKL |
| Withdrawn status | Lost status | Not for loan | Collection code | Home library | Current library | Date acquired | Cost, normal purchase price | Full call number | Barcode | Copy number | Cost, replacement price | Koha item type |
|---|---|---|---|---|---|---|---|---|---|---|---|---|
| Non-fiction | Central Library | Central Library | 23/03/2019 | 425.00 | 621.381 SKL | B-087199 | 1 | 425.00 | English Books |
